[Event "Klaipeda-ch sf"]
[Site "Klaipeda"]
[Date "2022.05.17"]
[Round "5"]
[White "Pidluznij, Matvej"]
[Black "Gluchaciov, Nikolaj"]
[Result "0-1"]
[WhiteElo "1296"]
[BlackElo "1720"]
[PlyCount "66"]
[EventDate "2022.05.03"]
[EventType "swiss"]
[EventRounds "8"]
[EventCountry "LTU"]
[SourceTitle "EXT 2023"]
[Source "ChessBase"]
[SourceDate "2022.10.05"]
[SourceVersion "1"]
[SourceVersionDate "2022.10.05"]
[SourceQuality "1"]

1. e4 g6 2. d4 Bg7 3. f4 d6 4. Nf3 c5 5. c3 b6 6. Be3 Qc7 7. Bb5+ Nd7 8. Qa4 a6 9. Nbd2 Ra7 10. Bd3 Ngf6 11. h3 0-0 12. 0-0 e6 13. Rfc1 Bb7 14. b4 Raa8 15. Qa3 Qd8 16. bxc5 dxc5 17. dxc5 Nxc5 18. Bxc5 bxc5 19. Bc2 Qc7 20. Rab1 Nh5 21. f5 exf5 22. exf5 Bxf3 23. Nxf3 Qg3 24. Ne1 Nf4 25. Kh1 Rae8 26. Be4 Rxe4 27. Qb2 Re2 28. Qb7 Bxc3 29. fxg6 hxg6 30. Rb3 Rxe1+ 31. Rxe1 Qxe1+ 32. Kh2 Ne2 33. h4 Qxh4# 0-1

[Event "Klaipeda Rooks Cup"]
[Site "Klaipeda"]
[Date "2022.04.05"]
[Round "7"]
[White "Gluchaciov, Nikolaj"]
[Black "Safonov, Ivan"]
[Result "1-0"]
[WhiteElo "1729"]
[BlackElo "1230"]
[PlyCount "43"]
[EventDate "2022.03.15"]
[EventType "swiss"]
[EventRounds "8"]
[EventCountry "LTU"]
[SourceTitle "CBM 207 Extra"]
[Source "ChessBase"]
[SourceDate "2022.05.31"]
[SourceVersion "1"]
[SourceVersionDate "2022.05.31"]
[SourceQuality "1"]

1. e4 e5 2. Nf3 Bc5 3. c3 Nc6 4. b4 Bb6 5. a4 a5 6. b5 Na7 7. c4 Qe7 8. Nc3 Qc5 9. d4 Qb4 10. Bd2 exd4 11. Nd5 Qc5 12. Bd3 c6 13. Nxb6 Qxb6 14. 0-0 c5 15. Qe1 Qg6 16. Bxa5 d6 17. Qe2 Bh3 18. Ne1 Nf6 19. e5 Nh5 20. Bxg6 Nf4 21. Bxf7+ Kxf7 22. Qf3 1-0

[Event "Klaipeda Rooks Cup"]
[Site "Klaipeda"]
[Date "2022.03.17"]
[Round "2"]
[White "Gluchaciov, Nikolaj"]
[Black "Januseviciute, Donata"]
[Result "1-0"]
[WhiteElo "1729"]
[BlackElo "1501"]
[PlyCount "59"]
[EventDate "2022.03.15"]
[EventType "swiss"]
[EventRounds "8"]
[EventCountry "LTU"]
[SourceTitle "CBM 207 Extra"]
[Source "ChessBase"]
[SourceDate "2022.05.31"]
[SourceVersion "1"]
[SourceVersionDate "2022.05.31"]
[SourceQuality "1"]

1. e4 d6 2. d4 e6 3. Be3 Nd7 4. Bd3 Ngf6 5. f3 c5 6. c3 Be7 7. Ne2 Qc7 8. 0-0 0-0 9. g4 c4 10. Bc2 b5 11. Ng3 Nb6 12. g5 Nfd7 13. Nd2 e5 14. Nf5 Bd8 15. Qe2 Re8 16. f4 Nf8 17. fxe5 dxe5 18. d5 Ng6 19. Qf2 Nf4 20. Bxf4 exf4 21. d6 Qc6 22. Qxf4 Qc5+ 23. Rf2 Bxf5 24. exf5 Nd7 25. Ne4 Qe5 26. Kg2 Nc5 27. Qxe5 Rxe5 28. Nxc5 Rxc5 29. Re1 Bxg5 30. d7 1-0

[Event "Klaipeda-ch"]
[Site "Klaipeda"]
[Date "2022.01.30"]
[Round "6"]
[White "Gluchaciov, Nikolaj"]
[Black "Levitsky, Andrey"]
[Result "1-0"]
[WhiteElo "1723"]
[BlackElo "2329"]
[PlyCount "60"]
[EventDate "2022.01.15"]
[EventType "tourn"]
[EventRounds "11"]
[EventCountry "LTU"]
[SourceTitle "EXT 2023"]
[Source "ChessBase"]
[SourceDate "2022.10.05"]
[SourceVersion "1"]
[SourceVersionDate "2022.10.05"]
[SourceQuality "1"]

1. e4 c5 2. d4 cxd4 3. c3 Nf6 4. e5 Nd5 5. Nf3 e6 6. Qxd4 Nc6 7. Qg4 Qc7 8. Qg3 g6 9. Na3 Bxa3 10. bxa3 Nxc3 11. Bd3 b6 12. 0-0 Bb7 13. Bg5 Nd5 14. Rac1 f6 15. Bh6 fxe5 16. Bg7 Rg8 17. Bxe5 Qd8 18. Bd6 Qf6 19. Be4 Nc3 20. Rfe1 Nxe4 21. Rxe4 Qb2 22. Ree1 Rc8 23. Qh4 Qg7 24. Rcd1 Ne7 25. Be5 Nf5 26. Qa4 Qe7 27. Nd4 Nxd4 28. Rxd4 Bc6 29. Qxa7 Qg5 30. Bg3 Qa5 1-0

[Event "Klaipeda-ch"]
[Site "Klaipeda"]
[Date "2022.01.15"]
[Round "1"]
[White "Gluchaciov, Nikolaj"]
[Black "Barsciauskas, Gintautas"]
[Result "1-0"]
[WhiteElo "1723"]
[BlackElo "1525"]
[PlyCount "79"]
[EventDate "2022.01.15"]
[EventType "tourn"]
[EventRounds "11"]
[EventCountry "LTU"]
[SourceTitle "EXT 2023"]
[Source "ChessBase"]
[SourceDate "2022.10.05"]
[SourceVersion "1"]
[SourceVersionDate "2022.10.05"]
[SourceQuality "1"]

1. e4 c5 2. d4 cxd4 3. c3 d3 4. c4 Nc6 5. Nc3 d6 6. Bxd3 Nf6 7. Nge2 e6 8. 0-0 Be7 9. b3 0-0 10. Bb2 a6 11. Rc1 Bd7 12. h3 h6 13. Bb1 Qb8 14. Nd4 Qa7 15. Nxc6 Bxc6 16. Qd3 Rfd8 17. Rce1 Qc5 18. Nd5 Bxd5 19. exd5 e5 20. Bc1 Bf8 21. Be3 Qc7 22. f4 e4 23. Qe2 Re8 24. Bd4 Nd7 25. Qf2 f5 26. g4 fxg4 27. hxg4 Nf6 28. g5 e3 29. Qg2 e2 30. Rf2 Qa5 31. Rexe2 Nh5 32. Qf3 g6 33. Bxg6 Bg7 34. Be3 Nxf4 35. Qxf4 Rf8 36. Bf7+ Kh8 37. gxh6 Be5 38. Bd4 Qc7 39. Bxe5+ dxe5 40. Qf6+ 1-0

[Event "Klaipeda Rumiancev Memorial-A"]
[Site "Klaipeda"]
[Date "2021.07.25"]
[Round "7"]
[White "Salna, Aleksandras"]
[Black "Gluchaciov, Nikolaj"]
[Result "1-0"]
[WhiteElo "2166"]
[BlackElo "1714"]
[PlyCount "87"]
[EventDate "2021.07.19"]
[EventType "swiss"]
[EventRounds "7"]
[EventCountry "LTU"]
[SourceTitle "EXT 2022"]
[Source "ChessBase"]
[SourceDate "2021.10.06"]
[SourceVersion "1"]
[SourceVersionDate "2021.10.06"]
[SourceQuality "1"]

1. d4 Nf6 2. c4 g6 3. Nc3 Bg7 4. e4 d6 5. h3 0-0 6. Be3 e5 7. d5 Nbd7 8. Nf3 a5 9. g4 Nc5 10. Nd2 b6 11. Be2 Ne8 12. h4 f5 13. gxf5 gxf5 14. exf5 Bxf5 15. h5 Kh8 16. h6 Bf6 17. Bxc5 bxc5 18. Nde4 Rb8 19. Qd2 a4 20. 0-0-0 Bg6 21. Rdg1 Rb4 22. a3 Rb3 23. Bd1 Rxc3+ 24. Nxc3 e4 25. Bc2 Qe7 26. Kb1 Bd4 27. Rg2 Nf6 28. Ka2 Qe5 29. Rg5 e3 30. Qxe3 Bxe3 31. Rxe5 Bxf2 32. Re2 Bxc2 33. Rxc2 Bd4 34. Rf1 Rg8 35. Nb5 Be5 36. Nxc7 Rg6 37. Ne6 Rxh6 38. Re2 Ng8 39. Ng5 Rf6 40. Rxf6 Bxf6 41. Nf7+ Kg7 42. Nxd6 Bd8 43. Nb7 h5 44. Nxd8 1-0

[Event "Klaipeda-ch"]
[Site "Klaipeda"]
[Date "2020.02.29"]
[Round "6"]
[White "Gluchaciov, Nikolaj"]
[Black "Borisovaite, Ana"]
[Result "1-0"]
[WhiteElo "1734"]
[BlackElo "1375"]
[PlyCount "74"]
[EventDate "2020.01.19"]
[EventType "tourn"]
[EventRounds "11"]
[EventCountry "LTU"]
[SourceTitle "CBM 195 Extra"]
[Source "ChessBase"]
[SourceDate "2020.05.31"]
[SourceVersion "1"]
[SourceVersionDate "2020.05.31"]
[SourceQuality "1"]

1. e4 e5 2. Nf3 Nc6 3. d4 exd4 4. Nxd4 Bc5 5. Be3 Qf6 6. Nb5 Bxe3 7. fxe3 Qd8 8. Qg4 Kf8 9. Qf4 d6 10. Bc4 Ne5 11. 0-0 Nf6 12. Bb3 Be6 13. N1c3 Qe7 14. Rad1 Nh5 15. Qf2 Ke8 16. Nxc7+ Qxc7 17. Nb5 Qb8 18. Bxe6 fxe6 19. Qh4 Nf6 20. Rxf6 gxf6 21. Qxf6 Kd7 22. Qxe5 d5 23. Qg7+ Kc6 24. Nd4+ Kb6 25. Nxe6 Qd6 26. Qd4+ Kc6 27. Qa4+ Kb6 28. exd5 a5 29. Qd4+ Ka6 30. c4 b6 31. c5 bxc5 32. Nxc5+ Ka7 33. Rd3 Rac8 34. Nb3+ Ka6 35. e4 Qb6 36. Qxb6+ Kxb6 37. Nd2 Kb5 1-0

[Event "Klaipeda-ch"]
[Site "Klaipeda"]
[Date "2020.01.19"]
[Round "1"]
[White "Zirnovas, Martynas"]
[Black "Gluchaciov, Nikolaj"]
[Result "1-0"]
[WhiteElo "1780"]
[BlackElo "1734"]
[PlyCount "109"]
[EventDate "2020.01.19"]
[EventType "tourn"]
[EventRounds "11"]
[EventCountry "LTU"]
[SourceTitle "CBM 195 Extra"]
[Source "ChessBase"]
[SourceDate "2020.05.31"]
[SourceVersion "1"]
[SourceVersionDate "2020.05.31"]
[SourceQuality "1"]

1. e4 d6 2. d4 Nf6 3. Nc3 g6 4. Nf3 Bg7 5. h3 h6 6. Be3 0-0 7. Be2 c6 8. a4 a5 9. 0-0 Kh7 10. Qd2 Ng8 11. Rad1 Qc7 12. e5 f5 13. exf6 exf6 14. d5 c5 15. Bf4 Qb6 16. Nb5 Rd8 17. Bd3 f5 18. Rfe1 Na6 19. Re2 Nc7 20. c4 Nxb5 21. axb5 Bf6 22. Rde1 Qc7 23. h4 b6 24. g3 Qf7 25. Kg2 Ra7 26. Qc2 Kg7 27. Qd2 Re7 28. Rxe7 Bxe7 29. Re2 Bf6 30. b3 Kh7 31. Bb1 Bg7 32. Qe1 Bf8 33. Bg5 Nf6 34. Qc3 Bg7 35. Qe1 Re8 36. Rxe8 Qxe8 37. Qxe8 Nxe8 38. Bd8 Bc3 39. Bxb6 Kg7 40. Bd8 Kf7 41. Ng1 Nf6 42. Ne2 Bd2 43. Kf3 Nd7 44. Nf4 Ke8 45. Bc7 Ne5+ 46. Ke2 Kd7 47. Bb6 Bc3 48. Nxg6 a4 49. Nxe5+ Bxe5 50. bxa4 Ke8 51. a5 f4 52. gxf4 Bxf4 53. a6 Bg4+ 54. f3 Bc8 55. Bf5 1-0

[Event "LTU-ch sf"]
[Site "Klaipeda"]
[Date "2019.10.26"]
[Round "7"]
[White "Pidluznij, Gleb"]
[Black "Gluchaciov, Nikolaj"]
[Result "1-0"]
[WhiteElo "2036"]
[BlackElo "1734"]
[PlyCount "141"]
[EventDate "2019.10.05"]
[EventType "swiss"]
[EventRounds "8"]
[EventCountry "LTU"]
[SourceTitle "CBM 192 Extra"]
[Source "Chessbase"]
[SourceDate "2019.11.06"]
[SourceVersion "1"]
[SourceVersionDate "2019.11.06"]
[SourceQuality "1"]

1. d4 d6 2. Nf3 g6 3. Bf4 Bg7 4. c3 Nf6 5. h3 0-0 6. Nbd2 Nbd7 7. e3 Ne8 8. Bc4 c6 9. a4 d5 10. Bd3 f6 11. 0-0 e5 12. dxe5 fxe5 13. Bg5 Bf6 14. Bxf6 Qxf6 15. e4 Nc5 16. Qe2 Nxd3 17. Qxd3 Be6 18. Qe3 Nd6 19. exd5 Bxd5 20. Qxe5 Rae8 21. Qxf6 Rxf6 22. Rae1 Rfe6 23. Rxe6 Rxe6 24. Re1 Rxe1+ 25. Nxe1 a5 26. Nd3 Kf7 27. f3 Kf6 28. Kf2 b6 29. g4 c5 30. Nf4 Bc6 31. b3 Ke5 32. Nd3+ Kd5 33. Ke3 Be8 34. c4+ Ke6 35. Ne4 Nxe4 36. fxe4 g5 37. Ne1 Kd6 38. Nf3 h6 39. Nd2 Ke5 40. Nf1 h5 41. Nh2 hxg4 42. hxg4 Ke6 43. Nf3 Kf6 44. e5+ Ke6 45. Nxg5+ Kxe5 46. Nf3+ Kf6 47. Kf4 Bg6 48. Ne5 Bc2 49. Nd7+ Ke6 50. Nxb6 Bxb3 51. g5 Bc2 52. Ke3 Kd6 53. Kd2 Bf5 54. Nd5 Bg6 55. Nf4 Bf7 56. Kc3 Ke5 57. g6 Bg8 58. Nd3+ Kd6 59. g7 Bh7 60. Nf2 Ke6 61. Ne4 Kf7 62. Ng5+ Kxg7 63. Nxh7 Kxh7 64. Kd3 Kg6 65. Ke4 Kf6 66. Kd5 Ke7 67. Kxc5 Kd7 68. Kb6 Kd6 69. c5+ Kd7 70. c6+ Kc8 71. c7 1-0

[Event "LTU-ch sf"]
[Site "Klaipeda"]
[Date "2019.10.19"]
[Round "5"]
[White "Pauzelis, Bernardas"]
[Black "Gluchaciov, Nikolaj"]
[Result "0-1"]
[WhiteElo "1003"]
[BlackElo "1734"]
[PlyCount "68"]
[EventDate "2019.10.05"]
[EventType "swiss"]
[EventRounds "8"]
[EventCountry "LTU"]
[SourceTitle "CBM 192 Extra"]
[Source "Chessbase"]
[SourceDate "2019.11.06"]
[SourceVersion "1"]
[SourceVersionDate "2019.11.06"]
[SourceQuality "1"]

1. e4 d6 2. d4 g6 3. Be3 Bg7 4. Nf3 Nf6 5. Nc3 c6 6. h3 0-0 7. Bd3 Nbd7 8. Qd2 Re8 9. 0-0 e5 10. dxe5 dxe5 11. Rad1 b5 12. Bh6 Qa5 13. a3 Nh5 14. Bxg7 Kxg7 15. Ne2 Qxd2 16. Rxd2 Nf8 17. Rfd1 a6 18. c3 f6 19. Bc2 Be6 20. Rd6 Rac8 21. R1d2 g5 22. Ng3 Nxg3 23. fxg3 Re7 24. g4 Rcc7 25. Rd8 Red7 26. R8xd7+ Rxd7 27. Rxd7+ Nxd7 28. b4 Kf7 29. Kf2 Ke7 30. Ke3 Kd6 31. Nd2 Nb6 32. Nb3 Nc4+ 33. Kf3 Nxa3 34. Bd3 Bxb3 0-1

[Event "Klaipeda Sea op-B 16th"]
[Site "Klaipeda"]
[Date "2019.07.25"]
[Round "4"]
[White "Sibajeva, Marija"]
[Black "Gluchaciov, Nikolaj"]
[Result "0-1"]
[WhiteElo "1996"]
[BlackElo "1718"]
[PlyCount "34"]
[EventDate "2019.07.22"]
[EventType "swiss"]
[EventRounds "7"]
[EventCountry "LTU"]
[SourceTitle "CBM 191 Extra"]
[Source "ChessBase"]
[SourceDate "2019.09.30"]
[SourceVersion "1"]
[SourceVersionDate "2019.09.30"]
[SourceQuality "1"]

1. e4 d6 2. d4 g6 3. Nc3 Bg7 4. Bg5 h6 5. Bh4 Nc6 6. Nge2 a6 7. a4 Rb8 8. f4 Bd7 9. a5 Qc8 10. Bf2 b5 11. axb6 cxb6 12. d5 Nb4 13. Bd4 Bxd4 14. Nxd4 Nf6 15. Be2 b5 16. h3 Qc5 17. Qd2 Qxd4 0-1

[Event "Klaipeda Sea op-B 16th"]
[Site "Klaipeda"]
[Date "2019.07.22"]
[Round "1"]
[White "Gluchaciov, Nikolaj"]
[Black "Krivonosov, Oleg"]
[Result "0-1"]
[WhiteElo "1718"]
[BlackElo "2403"]
[PlyCount "122"]
[EventDate "2019.07.22"]
[EventType "swiss"]
[EventRounds "7"]
[EventCountry "LTU"]
[SourceTitle "CBM 191 Extra"]
[Source "ChessBase"]
[SourceDate "2019.09.30"]
[SourceVersion "1"]
[SourceVersionDate "2019.09.30"]
[SourceQuality "1"]

1. e4 e5 2. Nf3 Nc6 3. d4 exd4 4. Nxd4 Bc5 5. Be3 Qf6 6. c3 Nge7 7. Bb5 Bb6 8. 0-0 0-0 9. Na3 d5 10. Nxc6 bxc6 11. Bd3 Bxe3 12. fxe3 Qe5 13. Qf3 Rb8 14. Rf2 f5 15. exd5 cxd5 16. Qf4 Ng6 17. Qd4 Rb6 18. Raf1 c6 19. b4 Re8 20. Nc2 Qxd4 21. exd4 Ba6 22. Bxa6 Rxa6 23. Ra1 f4 24. a4 Rb6 25. Re1 Rbb8 26. Rfe2 Rxe2 27. Rxe2 Kf7 28. Kf2 Nh4 29. Ne1 g5 30. Nd3 Ng6 31. Nc5 Re8 32. Nb7 Rxe2+ 33. Kxe2 Ke7 34. Kf3 Nh4+ 35. Kf2 Nf5 36. Na5 Kd6 37. b5 cxb5 38. axb5 Ne3 39. Kf3 Kc7 40. g3 Kb6 41. Nc6 Nd1 42. c4 dxc4 43. gxf4 gxf4 44. d5 Kxb5 45. Nxa7+ Kc5 46. d6 Kxd6 47. Nb5+ Ke5 48. Na3 Ne3 49. Nb1 Nd5 50. Ke2 Kd4 51. Nd2 Kc3 52. Nf3 h6 53. h3 Ne7 54. Ne1 Kd4 55. Kf3 Ng6 56. Kg4 Ke3 57. h4 Ne5+ 58. Kf5 f3 59. Nc2+ Kd2 60. Nd4 f2 61. Nf3+ Nxf3 0-1

[Event "Klaipeda Rooks Cup"]
[Site "Klaipeda"]
[Date "2019.04.29"]
[Round "4"]
[White "Gluchaciov, Nikolaj"]
[Black "Bertuzis, Kipras"]
[Result "1-0"]
[WhiteElo "1720"]
[BlackElo "1132"]
[PlyCount "143"]
[EventDate "2019.04.07"]
[EventType "swiss"]
[EventRounds "7"]
[EventCountry "LTU"]
[SourceTitle "CBM 190 Extra"]
[Source "ChessBase"]
[SourceDate "2019.07.15"]
[SourceVersion "1"]
[SourceVersionDate "2019.07.15"]
[SourceQuality "1"]

1. e4 e5 2. Nf3 Nc6 3. d4 exd4 4. Nxd4 d6 5. Bc4 Nf6 6. Nc3 Be7 7. Be3 0-0 8. f3 Nxd4 9. Qxd4 Be6 10. Bxe6 fxe6 11. Qc4 d5 12. exd5 exd5 13. Qb3 b6 14. 0-0-0 c6 15. Ne4 Qc7 16. Ng5 Qd6 17. c3 h6 18. Nh3 Rad8 19. Bf4 Qd7 20. Rhe1 Bd6 21. Qc2 Rfe8 22. Qg6 Bxf4+ 23. Nxf4 Rxe1 24. Rxe1 Re8 25. Rd1 Qe7 26. Qd3 Qe3+ 27. Qxe3 Rxe3 28. Kd2 Re8 29. Ne2 Kf7 30. Nd4 c5 31. Nf5 Re6 32. a4 Ne8 33. Ne3 Nc7 34. Kd3 Rd6 35. b4 c4+ 36. Kd4 Kf6 37. Ng4+ Kf5 38. Ke3 h5 39. Nf2 Re6+ 40. Kd2 a6 41. Nh3 g6 42. g3 Rd6 43. Ke3 Re6+ 44. Kf2 Rd6 45. Nf4 Kf6 46. h4 Kf5 47. Ne2 Ne6 48. Ke3 Kf6 49. g4 hxg4 50. fxg4 b5 51. a5 Ke5 52. Ng1 Kf6 53. Nf3 Kg7 54. g5 Kh7 55. Rf1 Kg7 56. Rf2 Nc7 57. Kd4 Rd7 58. Re2 Rf7 59. Re3 Rf4+ 60. Ke5 Rf7 61. Kd6 Kh7 62. Ne5 Rg7 63. Ng4 Rf7 64. Ne5 Rg7 65. Nd7 Ne8+ 66. Rxe8 Rxd7+ 67. Kxd7 d4 68. cxd4 c3 69. Rc8 c2 70. Rxc2 Kg7 71. Ke6 Kh7 72. d5 1-0

[Event "Klaipeda Sea op-A 15th"]
[Site "Klaipeda"]
[Date "2018.07.27"]
[Round "5"]
[White "Januseviciute, Donata"]
[Black "Gluchaciov, Nikolaj"]
[Result "1/2-1/2"]
[WhiteElo "1560"]
[BlackElo "1732"]
[PlyCount "35"]
[EventDate "2018.07.23"]
[EventType "swiss"]
[EventRounds "7"]
[EventCountry "LTU"]
[SourceTitle "CBM 186 Extra"]
[Source "ChessBase"]
[SourceDate "2018.08.24"]
[SourceVersion "1"]
[SourceVersionDate "2018.08.24"]
[SourceQuality "1"]

1. d4 g6 2. c4 Nf6 3. Nc3 Bg7 4. e4 d6 5. Be2 0-0 6. Nf3 Bg4 7. h3 Bxf3 8. Bxf3 c6 9. Be3 Nbd7 10. Qd2 e5 11. d5 Ne8 12. Bh6 c5 13. 0-0 f5 14. exf5 gxf5 15. Bxg7 Nxg7 16. Kh2 Qh4 17. b3 e4 18. g3 1/2-1/2

[Event "Klaipeda Sea op-A 15th"]
[Site "Klaipeda"]
[Date "2018.07.26"]
[Round "4"]
[White "Gluchaciov, Nikolaj"]
[Black "Scekaciov, Rostislav"]
[Result "0-1"]
[WhiteElo "1732"]
[BlackElo "1455"]
[PlyCount "120"]
[EventDate "2018.07.23"]
[EventType "swiss"]
[EventRounds "7"]
[EventCountry "LTU"]
[SourceTitle "CBM 186 Extra"]
[Source "ChessBase"]
[SourceDate "2018.08.24"]
[SourceVersion "1"]
[SourceVersionDate "2018.08.24"]
[SourceQuality "1"]

1. e4 d6 2. d4 Nf6 3. Nc3 g6 4. f3 Bg7 5. Be3 0-0 6. Qd2 e5 7. d5 Ne8 8. 0-0-0 f5 9. exf5 gxf5 10. Bh6 Nd7 11. g4 fxg4 12. Bxg7 Nxg7 13. fxg4 Nc5 14. h3 a5 15. Bg2 Rf4 16. Nge2 Rf2 17. Rhg1 Bd7 18. Ne4 Nxe4 19. Bxe4 Qe7 20. Qd3 h6 21. Kb1 Raf8 22. Ng3 Kh8 23. Rdf1 R8f4 24. Rxf2 Rxf2 25. Qe3 Rf4 26. Ne2 Rf6 27. Qa7 Bb5 28. Ng3 b6 29. b3 Rf4 30. a4 Be8 31. Qa6 Qf6 32. Qd3 Bf7 33. Qa6 Be8 34. Qc8 Qf7 35. c4 Qf8 36. Bf5 Qf7 37. Qd8 Rf3 38. Ka2 Rf2+ 39. Ka3 Rf4 40. Qh4 Nxf5 41. Nxf5 Qxf5 42. Qxh6+ Qh7 43. Qe6 Bf7 44. Qc8+ Bg8 45. g5 Qd3 46. Qxc7 Rf3 47. Qxb6 Qxc4 48. g6 Qxd5 49. Rb1 Qc5+ 50. Qxc5 dxc5 51. h4 c4 52. Rh1 Kg7 53. h5 Kh6 54. Re1 Rxb3+ 55. Ka2 c3 56. Ka1 c2 57. g7 Bh7 58. Ka2 Rb1 59. g8Q Bxg8+ 60. Ka3 Rxe1 0-1

[Event "Vilnius Boksto op"]
[Site "Vilnius"]
[Date "2018.05.06"]
[Round "7"]
[White "Gluchaciov, Nikolaj"]
[Black "Pocius, Vaclovas"]
[Result "0-1"]
[WhiteElo "1756"]
[BlackElo "1706"]
[PlyCount "58"]
[EventDate "2018.04.08"]
[EventType "swiss"]
[EventRounds "7"]
[EventCountry "LTU"]
[SourceTitle "CBM 184 Extra"]
[Source "ChessBase"]
[SourceDate "2018.06.28"]
[SourceVersion "1"]
[SourceVersionDate "2018.06.28"]
[SourceQuality "1"]

1. e4 d5 2. e5 c5 3. Nf3 Nc6 4. c3 Qa5 5. d4 cxd4 6. Nxd4 Nxd4 7. Qxd4 e6 8. b4 Qc7 9. f4 Ne7 10. Bb5+ Bd7 11. Bxd7+ Qxd7 12. 0-0 Nf5 13. Qd3 Rc8 14. g4 Nh4 15. Qh3 Ng6 16. Be3 h5 17. gxh5 Rc4 18. Qf3 Nh4 19. Qd1 Nf5 20. Bxa7 d4 21. Qd3 Qd5 22. cxd4 Bxb4 23. Nd2 Bxd2 24. Qxd2 Rxh5 25. Rad1 Ng3 26. Qg2 Qxg2+ 27. Kxg2 Nxf1 28. Kxf1 Rxh2 29. Kg1 Rxa2 0-1